<?xml version="1.0" encoding="UTF-8"?><?xml-stylesheet type="text/xsl" href="static/style.xsl"?><OAI-PMH xmlns="http://www.openarchives.org/OAI/2.0/" xmlns:xsi="http://www.w3.org/2001/XMLSchema-instance" xsi:schemaLocation="http://www.openarchives.org/OAI/2.0/ http://www.openarchives.org/OAI/2.0/OAI-PMH.xsd"><responseDate>2026-04-17T05:41:01Z</responseDate><request verb="GetRecord" identifier="oai:www.recercat.cat:11351/13666" metadataPrefix="marc">https://recercat.cat/oai/request</request><GetRecord><record><header><identifier>oai:recercat.cat:11351/13666</identifier><datestamp>2025-10-24T10:27:43Z</datestamp><setSpec>com_2072_378070</setSpec><setSpec>com_2072_378040</setSpec><setSpec>col_2072_378092</setSpec></header><metadata><record xmlns="http://www.loc.gov/MARC21/slim" xmlns:dcterms="http://purl.org/dc/terms/" xmlns:xsi="http://www.w3.org/2001/XMLSchema-instance" xmlns:doc="http://www.lyncode.com/xoai" xsi:schemaLocation="http://www.loc.gov/MARC21/slim http://www.loc.gov/standards/marcxml/schema/MARC21slim.xsd">
   <leader>00925njm 22002777a 4500</leader>
   <datafield ind2=" " ind1=" " tag="042">
      <subfield code="a">dc</subfield>
   </datafield>
   <datafield ind2=" " ind1=" " tag="720">
      <subfield code="a">García Ruiz, Cristina</subfield>
      <subfield code="e">author</subfield>
   </datafield>
   <datafield ind2=" " ind1=" " tag="720">
      <subfield code="a">Zambrana Aguilar, Lucía</subfield>
      <subfield code="e">author</subfield>
   </datafield>
   <datafield ind2=" " ind1=" " tag="720">
      <subfield code="a">Carvia Ponsaille, Carolina</subfield>
      <subfield code="e">author</subfield>
   </datafield>
   <datafield ind2=" " ind1=" " tag="720">
      <subfield code="a">Vázquez Sousa, Rosa</subfield>
      <subfield code="e">author</subfield>
   </datafield>
   <datafield ind2=" " ind1=" " tag="720">
      <subfield code="a">Zitan Saidi, Laila</subfield>
      <subfield code="e">author</subfield>
   </datafield>
   <datafield ind2=" " ind1=" " tag="720">
      <subfield code="a">Moreira Cabrera, Maricela</subfield>
      <subfield code="e">author</subfield>
   </datafield>
   <datafield ind2=" " ind1=" " tag="260">
      <subfield code="c">2025-09-16T12:00:36Z</subfield>
   </datafield>
   <datafield ind2=" " ind1=" " tag="260">
      <subfield code="c">2025-09-16T12:00:36Z</subfield>
   </datafield>
   <datafield ind2=" " ind1=" " tag="260">
      <subfield code="c">2025-04</subfield>
   </datafield>
   <datafield ind2=" " ind1=" " tag="520">
      <subfield code="a">Breast imaging; Pure ductal carcinoma in situ</subfield>
   </datafield>
   <datafield ind2=" " ind1=" " tag="520">
      <subfield code="a">Imatges de mama; Carcinoma ductal pur in situ</subfield>
   </datafield>
   <datafield ind2=" " ind1=" " tag="520">
      <subfield code="a">Imágenes de mama; Carcinoma ductal puro in situ</subfield>
   </datafield>
   <datafield ind2=" " ind1=" " tag="520">
      <subfield code="a">Background: The use of dynamic magnetic resonance imaging (MRI) for the evaluation, detection, and characterization of ductal carcinoma in situ (DCIS) has been increasing; however, its application in this context remains controversial and uncertain. Materials: A retrospective study including women with pure DCIS, confirmed between January 2012 and December 2022 using ultrasound-guided core-needle biopsy (CNB) or stereotaxy-guided vacuum-assisted biopsy (VAB), was conducted. Mammography, ultrasound (US), and MRI of DCIS lesions were evaluated according to histological grade. The size of the DCIS, as assessed by mammography, US, MRI, and final surgical histopathology, was compared using Lin’s concordance correlation and Bland–Altman plots. Results: A total of 144 women (mean age 55.5 ± 10.3 years) with histopathological diagnoses of pure DCIS and no evidence of infiltration in the percutaneous biopsy were included in the study. Microcalcifications were the most prevalent feature observed in mammography (82.63%). Round/punctate morphology was more common in low-grade lesions, while fine pleomorphic morphology was more frequent in medium- and high-grade lesions. Lesions manifesting as microcalcifications only on mammography were significantly associated with intermediate and high-nuclear grade DCIS (p = 0.005). The most common MRI manifestation of DCIS was non-mass enhancement (86.11%). A total of 141 lesions showed enhancement with MRI (sensibility 97.92%). There were no significant differences (p = 0.29) between negative and positive enhancement with MRI and the histological grade of the lesions. There were no significant differences (p = 0.49) between the type of enhancement curve with MRI and the histological grade. Preoperative MRI detected additional malignancies (multifocal, multicentric, or bilateral) in 35 patients (24.31%). Conclusions: DCIS demonstrated enhancement with MRI regardless of histological grade but overestimated the size of the lesions in low-nuclear-grade DCIS. Preoperative MRI identified additional malignancies (multifocal, multicentric, and bilateral lesions) in 24 patients (16.67%), which were confirmed by histopathological examination. These malignancies were either undetected or not visible with mammography and ultrasound. However, MRI also overestimated the size of the DCIS, leading to three unnecessary mastectomies in our study.</subfield>
   </datafield>
   <datafield ind1="8" ind2=" " tag="024">
      <subfield code="a">http://hdl.handle.net/11351/13666</subfield>
   </datafield>
   <datafield tag="653" ind2=" " ind1=" ">
      <subfield code="a">Mama - Càncer - Diagnòstic</subfield>
   </datafield>
   <datafield tag="653" ind2=" " ind1=" ">
      <subfield code="a">Mama - Càncer - Imatgeria per ressonància magnètica</subfield>
   </datafield>
   <datafield tag="653" ind2=" " ind1=" ">
      <subfield code="a">DISEASES::Neoplasms::Neoplasms by Histologic Type::Neoplasms, Glandular and Epithelial::Carcinoma::Adenocarcinoma::Carcinoma, Intraductal, Noninfiltrating</subfield>
   </datafield>
   <datafield tag="653" ind2=" " ind1=" ">
      <subfield code="a">Other subheadings::Other subheadings::/diagnosis</subfield>
   </datafield>
   <datafield tag="653" ind2=" " ind1=" ">
      <subfield code="a">ANALYTICAL, DIAGNOSTIC AND THERAPEUTIC TECHNIQUES, AND EQUIPMENT::Diagnosis::Diagnostic Techniques and Procedures::Diagnostic Imaging::Tomography::Magnetic Resonance Imaging</subfield>
   </datafield>
   <datafield tag="653" ind2=" " ind1=" ">
      <subfield code="a">ENFERMEDADES::neoplasias::neoplasias por tipo histológico::neoplasias glandulares y epiteliales::carcinoma::adenocarcinoma::carcinoma intraductal no infiltrante</subfield>
   </datafield>
   <datafield tag="653" ind2=" " ind1=" ">
      <subfield code="a">Otros calificadores::Otros calificadores::/diagnóstico</subfield>
   </datafield>
   <datafield tag="653" ind2=" " ind1=" ">
      <subfield code="a">TÉCNICAS Y EQUIPOS ANALÍTICOS, DIAGNÓSTICOS Y TERAPÉUTICOS::diagnóstico::técnicas y procedimientos diagnósticos::diagnóstico por imagen::tomografía::imagen por resonancia magnética</subfield>
   </datafield>
   <datafield ind2="0" ind1="0" tag="245">
      <subfield code="a">Role of MRI in the Diagnosis of Ductal Carcinoma In Situ: A Retrospective Study</subfield>
   </datafield>
</record></metadata></record></GetRecord></OAI-PMH>